000 00499nam a22001697a 4500
005 20251108165236.0
008 250721s1978 xx 000 0 ara d
082 1 4 _a923/دور
100 1 _aدوفينيو، جان
245 1 0 _aدوركيم /
264 1 _aبيروت :
_bالمؤسسة العربية للدراسات و النشر،
_c1978.
300 _a125ص
490 0 _aسلسلة أعلام الفكر العالمي
650 1 7 _aالتراجم
942 _2ddc
_cBK
999 _c23035
_d23035